000 007690000a22001930004500
001 3286
041 0 _aSPA
082 0 4 _aG 230.011 M67834e
110 1 _aMisión Presbiteriana Cumberland
245 1 0 _aEstudios Esenciales para el Cristiano
260 _aCali, Colombia : América
300 _a104 Pag
505 0 0 _a- Doctrina cristiana: - Las Sagradas Escrituras - La Santa Trinidad - La relación entre Dios y el hombre - Los Sacramentos de la iglesia - El renacimiento - Estudios variados: - La vida cristiana - Deberes de los miembros de la iglesia - Creencias erronea - Tolerancia religiosa
650 1 4 _aTEOLOGIA DOGMATICA
942 _cBK
999 _c33966
_d33966
336 _atexto
_btxt
_2rdacontent
337 _2rdamedia
_asin mediación
_bn
338 _2rdacarrier
_avolumen
_bnc